| 000 | 01448nam a2200385 i 4500 | ||
|---|---|---|---|
| 003 | DO-SdBNP | ||
| 005 | 20240425124230.0 | ||
| 007 | ta | ||
| 008 | 240425s2023 dr ac 000 0 spa d | ||
| 020 | _a9789945270396 (guía didáctica) | ||
| 020 | _a9789945270099 | ||
| 040 |
_aDO-SdBNP _bspa _cBNPHU _erda |
||
| 082 |
_222 _bM425a |
||
| 245 | 0 | 0 |
_aMatemáticas 6 : _beducación básica. / _cdirección editorial Denise Pineda Martínez, Anna Rogero Soler : fotografías Carlos Johnson Muñoz : ilustraciones Reison Vásquez, Wi-Hen Fung, Edmundo Castillo |
| 264 | 1 |
_aSanto Domingo, : _bSM, _c2023. |
|
| 300 |
_a190 páginas _bilustraciones, retratos _c28 cm. |
||
| 336 |
_2rdacontent _atexto _btxt |
||
| 337 |
_2rdamedia _asin mediación _bn |
||
| 338 |
_2rdacarrier _avolumen _bnc |
||
| 490 | 1 |
_aSer y saber _v6 |
|
| 500 | _aEducación básica | ||
| 500 | _aLa biblioteca posee la guía didáctica. | ||
| 500 | _aIncluye glosario. | ||
| 504 | _aBibliografía p: 190. | ||
| 590 | _aInventariado, 2024/ YL | ||
| 700 | 1 |
_aPineda Martínez, Denise _edirección _929220 |
|
| 700 | 1 |
_aRogero Soler, Anna _edirección _930656 |
|
| 700 | 1 |
_aJonhson Muñoz, Carlos _efotografías _985314 |
|
| 700 | 1 |
_aVásquez, Reison _eilustraciones _923171 |
|
| 700 | 1 |
_aFung, Wi-Hen _eilustraciones _973248 |
|
| 700 | 1 |
_aCastillo, Edmundo _eilustraciones _923173 |
|
| 700 | 1 |
_aSuárez, Frank _eilustraciones _910209 |
|
| 910 | _aYLockward | ||
| 942 |
_2ddc _cLBS1 |
||
| 999 |
_c56510 _d56510 |
||